EG London (Record no. 83756)

MARC details
000 -LEADER
fixed length control field 00842cab a22002295a 4500
001 - CONTROL NUMBER
control field L154958
008 - FIXED-LENGTH DATA ELEMENTS--GENERAL INFORMATION
fixed length control field 120210e20120204xxk 000 0 eng d
035 ## - SYSTEM CONTROL NUMBER
System control number (Sirsi) u154958
041 0# - LANGUAGE CODE
Language code of text/sound track or separate title eng
100 1# - MAIN ENTRY--PERSONAL NAME
Personal name Simmons, Mark
245 00 - TITLE STATEMENT
Title EG London
Remainder of title the capital in focus
260 ## - PUBLICATION, DISTRIBUTION, ETC.
Date of publication, distribution, etc. 2012
490 ## - SERIES STATEMENT
Series statement Estates Gazette
Volume/sequential designation (1205) 4 February 2012, 59-73(12)
520 ## - SUMMARY, ETC.
Summary, etc. Information about City and West End Offices with the challenges and opportunities in 2012, guide to London's regeneration projects in 2012 including a summary of the prospects for Battersea Power Station and Wembley Central. Also guide to London's prime residential market.
590 ## - LOCAL NOTE (RLIN)
Local note KA
651 #4 - SUBJECT ADDED ENTRY--GEOGRAPHIC NAME
Geographic name London
690 ## - LOCAL SUBJECT ADDED ENTRY--TOPICAL TERM (OCLC, RLIN)
Topical term or geographic name as entry element Commercial property
9 (RLIN) 6227
690 ## - LOCAL SUBJECT ADDED ENTRY--TOPICAL TERM (OCLC, RLIN)
Topical term or geographic name as entry element Residential property
9 (RLIN) 6266
700 1# - ADDED ENTRY--PERSONAL NAME
Personal name Thame, David
700 1# - ADDED ENTRY--PERSONAL NAME
Personal name Norwood, Graham
942 ## - ADDED ENTRY ELEMENTS (KOHA)
Suppress in OPAC 0
Holdings
Withdrawn status Lost status Source of classification or shelving scheme Damaged status Not for loan Home library Current library Shelving location Date acquired Total Checkouts Full call number Barcode Date last seen Copy number Price effective from Koha item type
    Dewey Decimal Classification     London London Journal article 10/02/2012   L154958 154958-1001 06/08/2019 1 06/08/2019 Journal article